书目信息 |
| 题名: |
民族健身操·健身舞的教学与实践研究
|
|
| 作者: | 张建琴 , 张娟 编著 | |
| 分册: | ||
| 出版信息: | 北京 人民日报出版社 2014 |
|
| 页数: | 356页 | |
| 开本: | 25cm | |
| 丛书名: | ||
| 单 册: | ||
| 中图分类: | G831.32 | |
| 科图分类: | ||
| 主题词: | 少数民族--健身运动--教学研究--中国 | |
| 电子资源: | ||
| ISBN: | 978-7-5115-2722-6 | |
| 000 | 01164nam0 2200277 450 | |
| 001 | 338078 | |
| 005 | 20150601170011.79 | |
| 010 | @a978-7-5115-2722-6@b精装@dCNY88.00 | |
| 100 | @a20150413d2014 em y0chiy50 ea | |
| 101 | 0 | @achi |
| 102 | @aCN@b110000 | |
| 105 | @aa z 000yy | |
| 106 | @ar | |
| 200 | 1 | @a民族健身操·健身舞的教学与实践研究@Amin zu jian shen cao·jian shen wu de jiao xue yu shi jian yan jiu@f张建琴, 张娟编著 |
| 210 | @a北京@c人民日报出版社@d2014 | |
| 215 | @a356页@c图@d25cm | |
| 300 | @a人民日报学术文库 | |
| 314 | @a张建琴(1974-),女,毕节学院讲师,中国大学生健美操中级评判员。 | |
| 314 | @a张娟(1984-),女,兴义民族师范学院讲师,国家健美操一级裁判员。 | |
| 330 | @a本书主要围绕民族健身操和健身舞进行了深入研究, 内容涵盖这两个项目的基本常识、教学基本理论、创编教学以及我国常见的几个少数民族的健身操和健身舞实践教学。此外, 还阐述了民族健身操的音乐教学和有关竞赛规则与裁判法等方面的内容。 | |
| 606 | 0 | @a少数民族@x健身运动@x教学研究@y中国 |
| 690 | @aG831.32@v5 | |
| 701 | 0 | @a张建琴@Azhang jian qin@f(1974-)@4编著 |
| 701 | 0 | @a张娟@Azhang juan@f(1984-)@4编著 |
| 801 | 0 | @aCN@b卓展宏图@c20150525 |
| 905 | @dG831.32@e116@f3 | |
| 民族健身操·健身舞的教学与实践研究/张建琴, 张娟编著.-北京:人民日报出版社,2014 |
| 356页:图;25cm |
| 人民日报学术文库 |
| ISBN 978-7-5115-2722-6(精装):CNY88.00 |
| 本书主要围绕民族健身操和健身舞进行了深入研究, 内容涵盖这两个项目的基本常识、教学基本理论、创编教学以及我国常见的几个少数民族的健身操和健身舞实践教学。此外, 还阐述了民族健身操的音乐教学和有关竞赛规则与裁判法等方面的内容。 |
| ● |
| 相关链接 |
|
|
|
|
正题名:民族健身操·健身舞的教学与实践研究
索取号:G831.32/116
 
预约/预借
| 序号 | 登录号 | 条形码 | 馆藏地/架位号 | 状态 | 备注 |
| 1 | 857290 | 208572908 | 第一样本阅览室/ [索取号:G831.32/116] | 在馆 | |
| 2 | 857291 | 208572917 | 教育系资料室/ [索取号:G831.32/116] | 在馆 | |
| 3 | 857292 | 208572926 | 第四借阅区/ [索取号:G831.32/116] | 在馆 |